| 000 | 00943nam a2200265 i 4500 | ||
|---|---|---|---|
| 001 | 13179 | ||
| 003 | KOSZ 005 | ||
| 005 | 20190722100444.0 | ||
| 008 | 070719s1970 pl a f 000 0 pol | ||
| 015 | _aPB 1970/5255 | ||
| 040 |
_aWA N _cWA N _dKOSZ 005/RW |
||
| 080 | _a621.317 | ||
| 100 | 1 |
_aŁopuski, Zenon. _eAutor |
|
| 245 | 1 | 0 |
_aMierniki uniwersalne / _cZenon Łopuski. |
| 260 |
_aWarszawa : _bWydawnictwa Naukowo-Techniczne, _c1970. |
||
| 300 |
_a115, [1] s. : _bil. ; _c23 cm. |
||
| 380 | _aKsiążki. | ||
| 490 | 1 | _aEksploatacja Elektrycznej Aparatury Pomiarowej. | |
| 504 | _aBibliogr. s. [116]. | ||
| 650 | 4 |
_aElektrotechnika _xpomiary _xurządzenia. |
|
| 710 | 2 |
_aWydawnictwa Naukowo-Techniczne _4pbl. |
|
| 830 | 0 | _aEksploatacja Elektrycznej Aparatury Pomiarowej. | |
| 856 |
_uhttp://koha.tu.koszalin.pl/cgi-bin/koha/opac-detail.pl?biblionumber=13179 _yKatalog online BPK |
||
| 942 |
_2UKD _cKS |
||
| 999 |
_c13179 _d13179 |
||